منهاج الكاراتيه دو : كاتات الشوتوكان؛ ج2 (Record no. 34044)
[ view plain ]
| 000 -LEADER | |
|---|---|
| fixed length control field | 00832nam a22002177a 4500 |
| 003 - CONTROL NUMBER IDENTIFIER | |
| control field | JO-AjAnu |
| 005 - DATE AND TIME OF LATEST TRANSACTION | |
| control field | 20251021135541.0 |
| 008 - FIXED-LENGTH DATA ELEMENTS--GENERAL INFORMATION | |
| fixed length control field | 251012b jo ||||| |||| 00| 0 ara d |
| 020 ## - INTERNATIONAL STANDARD BOOK NUMBER | |
| International Standard Book Number | 978-9923-322-73-4 |
| 022 ## - INTERNATIONAL STANDARD SERIAL NUMBER | |
| International Standard Serial Number | 2389/5/2023 |
| 040 ## - CATALOGING SOURCE | |
| Original cataloging agency | ANU |
| Transcribing agency | JO-AjAnu |
| 041 ## - LANGUAGE CODE | |
| Language code of original | ARA |
| 100 ## - MAIN ENTRY--PERSONAL NAME | |
| Personal name | الدراويش، وجيه يونس محمد |
| Relator term | مؤلف ومعد |
| 9 (RLIN) | 66750 |
| 245 ## - TITLE STATEMENT | |
| Title | منهاج الكاراتيه دو : كاتات الشوتوكان؛ ج2 |
| Statement of responsibility, etc. | / إعداد وتاليف وجيه يونس محمد الدراويش |
| 250 ## - EDITION STATEMENT | |
| Edition statement | الطبعة الاولى |
| 260 ## - PUBLICATION, DISTRIBUTION, ETC. | |
| Place of publication, distribution, etc. | عمان : |
| Name of publisher, distributor, etc. | دار يافا العلمية للنشر والتوزيع، |
| Date of publication, distribution, etc. | 2023 |
| 300 ## - PHYSICAL DESCRIPTION | |
| Extent | 339 صفحة |
| 490 ## - SERIES STATEMENT | |
| Materials specified | السلسة الأولى |
| 650 ## - SUBJECT ADDED ENTRY--TOPICAL TERM | |
| Form subdivision | الكاراتيه-فنون القتال-الرياضيون |
| 942 ## - ADDED ENTRY ELEMENTS (KOHA) | |
| Source of classification or shelving scheme | Library of Congress Classification |
| Koha item type | Books |
| Suppress in OPAC | No |
| Withdrawn status | Lost status | Source of classification or shelving scheme | Damaged status | Not for loan | Home library | Current library | Date acquired | Total Checkouts | Full call number | Barcode | Date last seen | Price effective from | Koha item type |
|---|---|---|---|---|---|---|---|---|---|---|---|---|---|
| Library of Congress Classification | مكتبة جامعة عجلون الوطنية | مكتبة جامعة عجلون الوطنية | 12/10/2025 | GV1114.3.2023 | A30443 | 12/10/2025 | 12/10/2025 | Books |